Music Quiz

Random Music or Bands Quiz

Pick the Bands by Setlist Quiz Stats

Quiz Updated Dec 27, 2015

Also try: Bands by Setlist
Challenge
Share
Tweet
Embed
Score 0/25 Timer 03:00
5 Plays Today
% Correct
Red Hot Chili Peppers
93.9%
The Rolling Stones
92.8%
Oasis
88.5%
The Who
88.3%
Coldplay
85.2%
Blink-182
78.2%
Def Leppard
78.1%
Metallica
76.6%
Green Day
74.8%
Foo Fighters
74.6%
Heart
69%
The Go-Go's
67.7%
Pearl Jam
66.6%
% Correct
Linkin Park
62%
Radiohead
58.1%
Arctic Monkeys
49.2%
Dave Matthews Band
46.8%
Soundgarden
44.6%
Incubus
44.2%
Muse
42.7%
Queens Of The Stone Age
42.2%
Vampire Weekend
40.4%
The White Stripes
37.5%
Arcade Fire
35.3%
The Black Keys
30.3%

You're not logged in!

Compare scores with friends on all Sporcle quizzes.
Sign Up with Email
OR
Log In

You Might Also Like...

Show Comments

Extras

Top Quizzes Today


Score Distribution

Your Account Isn't Verified!

In order to create a playlist on Sporcle, you need to verify the email address you used during registration. Go to your Sporcle Settings to finish the process.